000 00575nam a2200241Ia 4500
005 20260320201042.0
008 008 262003s9999 xx 000 0 eng d
037 _aEBOOK
040 _aCRL
040 _beng
040 _cCRL
041 _2eng
041 _aeng
084 _qCRL
100 _aChen
245 0 _aFusion of Hard and Soft Control Strategies for the Robotic Hand
260 _bIEEE
260 _c2018
856 _uhttps://ieeexplore.ieee.org/servlet/opac?bknumber=8052365
942 _cEBOOK
999 _c1718527
_d1718527